[Event "Let's Play Chess!"]
[Site "http://www.queenalice.com/game.php?id=650707"]
[Date "2009.9.13"]
[Round "-"]
[White "CAPCHEK"]
[Black "Abstro"]
[Result "0-1"]
[WhiteElo "1361"]
[BlackElo "1668"]

1. e4 e5 2. Qh5 d6 3. Nc3 Nf6 4. Qg5 h6 5. Qe3 Be7 6. h4 Be6 7. Qg3 d5 8. Qxg7
Rg8 9. Qxh6 Ng4 10. Qh7 Kd7 11. h5 d4 12. Nb5 Bg5 13. Nf3 Nf6 14. Qxg8 Nxg8 15.
Nxe5+ Ke8 16. a4 a6 17. Na3 Qe7 18. d3 Nd7 19. Nxd7 Bxd7 20. Bxg5 Qxg5 21. c4
Bxa4 22. g3 Nh6 23. b4 Ke7 24. Rh4 Ng4 25. Bh3 Ne3 26. h6 Rh8 27. h7 Qg6 28. Ke2
Nc2 29. Nxc2 Rxh7 30. Rxa4 Rxh4 31. gxh4 Qh5+ 32. f3 Qxh4 33. Bc8 Qh2+ 34. Kd1
Qh1+ 35. Ke2 Qg2+ 36. Kd1 Qxf3+ 37. Kd2 Qf2+ 38. Kd1 b6 39. Rxa6 Kd8 40. Ra8 Ke7
41. Ra7 Kd8 42. Ra8 f6 43. Be6+ Ke7 44. Bf5 c5 45. bxc5 bxc5 46. Rc8 Kd6 47. Rf8
Qg1+ 48. Kd2 Kc7 49. Rxf6 Qg5+ 50. Ke2 Qxf6 51. Na3 Qg5 52. Nb5+ Kb6 53. Nd6
Qe3+ 54. Kd1 Qxd3+ 55. Ke1 Qg3+ 56. Ke2 Qxd6 57. Kf3 Ka5 58. Bc8 d3 59. Kf2 Qf8+
60. Bf5 Kb4 61. Ke3 Kxc4 62. Be6+ Kc3 63. Bf5 c4 64. Bg4 d2 65. Bd1 Qf1 66. Be2
Qe1 67. e5 d1=Q 0-1

[Event "Let's Play Chess!"]
[Site "http://www.queenalice.com/game.php?id=651460"]
[Date "2009.9.13"]
[Round "-"]
[White "elche"]
[Black "CAPCHEK"]
[Result "0-1"]
[WhiteElo "1718"]
[BlackElo "1354"]

1. e4 d5 2. exd5 Qxd5 3. Nf3 Qe4+ 4. Be2 Bg4 5. O-O Nc6 6. Re1 Rd8 7. d3 Qb4 8.
c3 Qa5 9. b4 Qb5 10. Na3 Qd5 11. d4 Qh5 12. Nc4 f6 13. h3 Bf5 14. Nfe5 Qh4 15.
Bg4 fxe5 16. Bxf5 exd4 17. Ne5 Nxe5 18. Rxe5 dxc3 19. Qc2 Qxb4 20. Re4 Qc5 21.
Be3 Qxf5 22. Rxe7+ Nxe7 23. Qa4+ b5 24. Qxa7 Rc8 25. Bc5 Nc6 26. Re1+ Be7 27.
Bxe7 Nxe7 28. Qb7 c2 29. Rc1 Qg5 30. Rxc2 Qe5 31. Kh1 Qd6 32. Qe4 Qd1+ 33. Kh2
O-O 34. Rc5 Qd6+ 35. Re5 Ng6 0-1

[Event "Let's Play Chess!"]
[Site "http://www.queenalice.com/game.php?id=651560"]
[Date "2009.9.13"]
[Round "-"]
[White "BobySponja"]
[Black "CAPCHEK"]
[Result "1-0"]
[WhiteElo "1827"]
[BlackElo "1356"]

1. e4 d5 2. exd5 Qxd5 3. Nf3 Qe4+ 4. Be2 Qg4 5. d4 Qxg2 6. Rg1 Qh3 7. Nc3 a5 8.
Be3 a4 9. Nd5 Qd7 10. c4 Qc6 11. Bf4 Ra5 12. Nxc7+ Kd7 13. Nb5 Ra8 14. Bxb8 Rxb8
15. Qxa4 Qb6 16. Ne5+ Ke6 17. Bg4+ Kf6 18. Bxc8 Qd8 19. Nd7+ Qxd7 20. Bxd7 Rd8
21. Nc3 e6 22. O-O-O Ke7 23. Bxe6 Kxe6 24. Rde1+ Kd6 25. c5+ Kc7 26. Nb5+ Kb8
27. Qa7+ Kc8 28. Qa8+ Kd7 29. Qxb7# 1-0

[Event "Let's Play Chess!"]
[Site "http://www.queenalice.com/game.php?id=651593"]
[Date "2009.9.13"]
[Round "-"]
[White "igorjava"]
[Black "CAPCHEK"]
[Result "1-0"]
[WhiteElo "1913"]
[BlackElo "1436"]

1. e4 d5 2. exd5 Qxd5 3. d4 Qe4+ 4. Ne2 Bg4 5. f3 Bxf3 6. gxf3 Qxf3 7. Ng3 Qxd1+
8. Kxd1 Nf6 9. Nc3 a5 10. Bg5 Nc6 11. Bb5 Rd8 12. Bxc6+ bxc6 13. Nce2 Rd5 14.
Bxf6 gxf6 15. c3 Bh6 16. Kc2 Rg8 17. Rhg1 Be3 18. Rgf1 a4 19. Nf4 Rd6 20. Nd3 e6
21. Nc5 h6 22. Rae1 Bg5 23. Nxa4 Ke7 24. Nc5 Bh4 25. Rg1 Ra8 26. a3 f5 27. Re2
f4 28. Nge4 Rdd8 29. Rf1 Bg5 30. Nxg5 hxg5 31. h4 gxh4 32. Rxf4 h3 33. Ne4 Rh8
34. Rh2 Rag8 35. Rff2 f5 36. Nd2 Rf8 37. Nf3 f4 38. Ng5 c5 39. dxc5 e5 40. Rxh3
c6 41. Kd3 Kf6 42. Ne4+ Kf5 43. Rhh2 Rd8+ 44. Nd6+ Ke6 45. b3 1-0

[Event "BABY x PAPAI"]
[Site "http://www.queenalice.com/game.php?id=662646"]
[Date "2009.10.4"]
[Round "-"]
[White "BABYCAPCHEK"]
[Black "CAPCHEK"]
[Result "1-0"]
[WhiteElo "1140"]
[BlackElo "1434"]

1. c4 d5 2. cxd5 Qxd5 3. f4 Nh6 4. d3 a5 5. b4 a4 6. f5 Ng4 7. b5 h5 8. a3 Qb3
9. d4 Bxf5 10. e3 Nxe3 11. Qe2 Qc2 12. Qxe3 Qxb1 13. Ra2 Qxc1+ 14. Ke2 Bg4+ 15.
Kf2 Qxf1+ 16. Kg3 1-0

[Event "Challenge"]
[Site "http://www.queenalice.com/game.php?id=665382"]
[Date "2009.10.10"]
[Round "-"]
[White "MMANZAN"]
[Black "CAPCHEK"]
[Result "1-0"]
[WhiteElo "1689"]
[BlackElo "1384"]

1. Nc3 d5 2. d4 Bg4 3. f3 Bh5 4. Qd3 a5 5. Qb5+ Nc6 6. Nxd5 Nf6 7. Qxb7 Ra7 8.
Qxc6+ Nd7 9. Bf4 e6 10. Nxc7+ Ke7 11. g4 Bg6 12. Qd6+ Kf6 13. Nd5# 1-0

[Event "Capchek!"]
[Site "http://www.queenalice.com/game.php?id=667274"]
[Date "2009.10.14"]
[Round "-"]
[White "egosofico"]
[Black "CAPCHEK"]
[Result "1-0"]
[WhiteElo "1903"]
[BlackElo "1357"]

1. e4 d5 2. exd5 Qxd5 3. Nc3 Qe5+ 4. Qe2 Qxe2+ 5. Bxe2 Bd7 6. Nd5 Na6 7. Bxa6
Kd8 8. Bxb7 Rb8 9. Ba6 Nf6 10. Nxf6 gxf6 11. Nf3 Rg8 12. g3 Rb6 13. Bc4 Rg7 14.
O-O Rc6 15. d3 Bg4 16. Nd4 Rd6 17. Be3 Rb6 18. Bb3 e5 19. Nf5 Bxf5 20. Bxb6 axb6
21. Bd5 h5 22. h4 Bc5 23. Kg2 Bg4 24. Bf3 f5 25. Bxg4 fxg4 26. Rfe1 Bd4 27. c3
Bc5 28. Rxe5 Rh7 29. Rae1 Rh6 30. Rd5+ Rd6 31. Ree5 f6 32. Rxh5 Ke7 33. d4 Ke6
34. Rxd6+ cxd6 35. dxc5 dxc5 36. c4 f5 37. Rh6+ Ke5 38. Rxb6 Kd4 39. a4 Ke5 40.
a5 Kd4 41. b3 Kd3 42. a6 1-0

[Event "BR 2009 Part 2"]
[Site "http://www.queenalice.com/game.php?id=682108"]
[Date "2009.11.12"]
[Round "2"]
[White "Matrix"]
[Black "CAPCHEK"]
[Result "1-0"]
[WhiteElo "1765"]
[BlackElo "1400"]

1. d4 Nc6 2. e3 Nf6 3. Bc4 d5 4. Bb5 Bg4 5. f3 Bh5 6. Bd2 a6 7. Bxc6+ bxc6 8.
Nc3 Qb8 9. b3 Qb4 10. Nxd5 Nxd5 11. Bxb4 Nxb4 12. Qd2 a5 13. Ne2 Bg6 14. e4 Rd8
15. O-O e6 16. Nf4 c5 17. Nxg6 hxg6 18. Qe2 c6 19. c3 Bd6 20. cxb4 Bxh2+ 21. Kf2
Rxd4 22. Rac1 Rh5 23. bxa5 Rd8 24. b4 cxb4 25. Rxc6 Rxa5 26. Rc7 Bxc7 27. Rh1
Ke7 28. Qc4 Bb6+ 29. Kg3 Bc5 30. Rb1 Rxa2 31. Qxa2 Rb8 32. Qa5 Bd6+ 33. e5 Bxe5+
34. Qxe5 Rb6 35. Qc7+ Kf6 36. Qxb6 1-0

[Event "BR 2009 Part 2"]
[Site "http://www.queenalice.com/game.php?id=682110"]
[Date "2009.11.12"]
[Round "3"]
[White "CAPCHEK"]
[Black "Tanatos"]
[Result "1-0"]
[WhiteElo "1374"]
[BlackElo "1670"]

1. Nf3 Nc6 2. Nc3 e5 3. Nd5 d6 4. b4 Bf5 5. Rb1 Nd4 6. Nxd4 exd4 7. Bb2 Nf6 8.
Nxf6+ Qxf6 9. b5 Be7 10. e3 Qe5 11. Bxd4 Qd5 12. Qf3 1-0

[Event "AUTO-INT-1531"]
[Site "http://www.queenalice.com/game.php?id=690287"]
[Date "2009.11.29"]
[Round "1"]
[White "CAPCHEK"]
[Black "thomas01"]
[Result "1-0"]
[WhiteElo "1405"]
[BlackElo "1482"]

1. Nc3 d5 2. e3 f5 3. Bd3 Nf6 4. Bb5+ c6 5. Ba4 Bd7 6. d4 e6 7. Nf3 b5 8. Bb3 b4
9. Na4 Na6 10. Nc5 Nxc5 11. dxc5 Bxc5 12. h4 Ne4 13. a4 bxa3 14. bxa3 O-O 15.
Ng5 Nxg5 16. hxg5 Qxg5 17. g3 a5 18. Qh5 Qxh5 19. Rxh5 g6 20. Rh6 Kg7 21. Rh4 a4
22. Rxa4 1-0

[Event "AUTO-INT-1531"]
[Site "http://www.queenalice.com/game.php?id=690288"]
[Date "2009.11.29"]
[Round "1"]
[White "thomas01"]
[Black "CAPCHEK"]
[Result "0-1"]
[WhiteElo "1463"]
[BlackElo "1424"]

1. e4 Nf6 2. Nc3 Nc6 3. d4 a5 4. Bb5 h5 5. Bxc6 dxc6 6. Nf3 h4 7. h3 c5 8. d5
Nd7 9. Nxh4 Rxh4 10. Bg5 Rg4 11. hxg4 Nb6 12. Nb5 Qd7 13. Qe2 f6 14. Bf4 Kf7 15.
Nxc7 Ra7 16. Nb5 Qxg4 17. f3 Qxf4 18. Nxa7 Qg3+ 19. Qf2 Qxf2+ 20. Kxf2 Kg8 21.
Nxc8 Nxc8 0-1

[Event "AUTO-INT-1531"]
[Site "http://www.queenalice.com/game.php?id=690289"]
[Date "2009.11.29"]
[Round "1"]
[White "CAPCHEK"]
[Black "rc_sevage_pawn"]
[Result "0-1"]
[WhiteElo "1436"]
[BlackElo "1674"]

1. Nc3 Nf6 2. Nf3 Nc6 3. g3 d5 4. d3 e6 5. Bh3 Bb4 6. a3 Bxc3+ 7. bxc3 e5 8.
Bxc8 Qxc8 9. Bg5 Qe6 10. Bxf6 Qxf6 11. Qb1 b6 12. Qb5 O-O 13. Qc5 bxc5 0-1

[Event "AUTO-INT-1531"]
[Site "http://www.queenalice.com/game.php?id=690290"]
[Date "2009.11.29"]
[Round "1"]
[White "rc_sevage_pawn"]
[Black "CAPCHEK"]
[Result "1-0"]
[WhiteElo "1681"]
[BlackElo "1436"]

1. e4 d5 2. exd5 Qxd5 3. Nc3 Qe5+ 4. Qe2 Qxe2+ 5. Bxe2 Nd7 6. d4 e6 7. Nf3 Bb4
8. Bd2 Bxc3 9. Bxc3 b6 10. O-O-O Ngf6 11. Rhe1 Ne4 12. Bb5 Nxf2 13. Bxd7+ 1-0

[Event "AUTO-INT-1531"]
[Site "http://www.queenalice.com/game.php?id=690291"]
[Date "2009.11.29"]
[Round "1"]
[White "CAPCHEK"]
[Black "vult0"]
[Result "0-1"]
[WhiteElo "1402"]
[BlackElo "1749"]

1. Nc3 e5 2. Nf3 Nc6 3. b3 d6 4. Nd5 e4 5. Ng1 Be6 6. Nc3 d5 7. d4 Bb4 8. Bd2
Nf6 9. a3 Ba5 10. e3 O-O 11. b4 Bb6 12. b5 Na5 13. Na4 Rc8 14. Nxb6 cxb6 15. g4
Nxg4 16. Bb4 Qf6 17. f3 Nxe3 18. Qd2 Nac4 19. Bxc4 Nxc4 20. Qc3 Qh4+ 21. Ke2
Rfe8 22. fxe4 Qxe4+ 23. Kf2 Qh4+ 24. Kf1 Qf4+ 25. Nf3 Bh3+ 26. Kf2 Re3 27. Bd6
Qxf3+ 28. Kg1 Qg2# 0-1

[Event "AUTO-INT-1531"]
[Site "http://www.queenalice.com/game.php?id=690292"]
[Date "2009.11.29"]
[Round "1"]
[White "vult0"]
[Black "CAPCHEK"]
[Result "1-0"]
[WhiteElo "1759"]
[BlackElo "1363"]

1. e4 Nf6 2. e5 Ne4 3. d3 Nc5 4. d4 Na4 5. Bc4 g6 6. Qf3 e6 7. Nh3 Bb4+ 8. c3
Ba5 9. Bg5 Qxg5 10. Nxg5 Nxb2 11. Qxf7+ Kd8 12. Qf6+ Ke8 13. Qxh8+ Ke7 14. Qxh7+
Kf8 15. Qf7# 1-0

[Event "AUTO-OPEN-1779"]
[Site "http://www.queenalice.com/game.php?id=690449"]
[Date "2009.11.29"]
[Round "1"]
[White "CAPCHEK"]
[Black "mizu"]
[Result "0-1"]
[WhiteElo "1440"]
[BlackElo "1778"]

1. Nf3 Nc6 2. Nc3 e5 3. Nd5 Bc5 4. a4 Nf6 5. Nxf6+ Qxf6 6. h4 d6 7. e3 O-O 8.
Bc4 Na5 9. Bd5 c6 10. Be4 d5 11. Bd3 e4 12. b4 Bxb4 13. Rb1 Bc5 14. Ng5 exd3 15.
cxd3 b6 16. Qh5 Bf5 17. Bb2 Qg6 18. g4 Qxh5 19. gxh5 Bxd3 20. Rc1 h6 21. Nf3 Bd6
22. Rg1 f6 23. Rc3 Be4 24. Nd4 Be5 25. Ba3 Rfe8 26. f3 Bxd4 27. exd4 Bxf3+ 28.
Re3 Nc4 0-1

[Event "AUTO-OPEN-1779"]
[Site "http://www.queenalice.com/game.php?id=690450"]
[Date "2009.11.29"]
[Round "1"]
[White "mizu"]
[Black "CAPCHEK"]
[Result "1-0"]
[WhiteElo "1780"]
[BlackElo "1438"]

1. e4 Nf6 2. Nc3 Nc6 3. Nf3 g6 4. Bc4 e5 5. Ng5 d5 6. exd5 Na5 7. Bb5+ Bd7 8.
Bxd7+ Qxd7 9. Qf3 Qf5 10. Qxf5 gxf5 11. d3 h6 12. Nf3 Rg8 13. g3 e4 14. dxe4
fxe4 15. Nd4 Rd8 16. Be3 Bb4 17. O-O Bxc3 18. bxc3 Nxd5 19. Bd2 h5 20. Nf5 Nc4
21. Be1 Na3 22. Rc1 b5 23. Ne3 Nxe3 24. fxe3 Nc4 25. Bf2 Nd2 26. Rfd1 Nf3+ 27.
Kg2 Rxd1 28. Rxd1 h4 29. Rd5 1-0

[Event "Challenge_01"]
[Site "http://www.queenalice.com/game.php?id=697883"]
[Date "2009.12.14"]
[Round "-"]
[White "The_Match"]
[Black "CAPCHEK"]
[Result "0-1"]
[WhiteElo "1181"]
[BlackElo "1398"]

1. d4 h5 2. c3 h4 3. h3 Rh5 4. g4 Rh7 5. Bg2 a5 6. b3 d5 7. Nf3 Ra6 8. Bf4 Rc6
9. Ne5 Rf6 10. e3 b5 11. Na3 b4 12. cxb4 axb4 13. Nb5 c6 14. a3 cxb5 15. Rc1 Ra6
16. axb4 Qd6 17. Rxc8+ Qd8 18. Rxd8+ Kxd8 0-1